000 00869nam a2200241 a 4500
003 CBULib
005 20240419091602.0
008 060721s2005 ||||||||||||||||| || u
020 _a9211126819
040 _aLC
_bCBUlib
_cCBUlib
_dCBUlib
_erda
050 _aUNCTAD(02)
110 _aUnited Nations Conference on Trade and Development (UNCTAD)
245 1 0 _aInvestment policy review : Kenya
_c/by United Nations Conference on Trade and Development (UNCTAD)
260 _aNew York:
_bUnited Nations Conference on Trade and Development (UNCTAD)
_c2005
300 _axi;114 Pages.; illustrations
350 _a0.00
650 _aKENYA --ECONOMIC POLICY
650 _aINVESTMENTS, FOREIGN --KENYA
650 _aINVESTMENT--KENYA
650 _aINVESTMENT POLICY
942 _2lcc
_c029
_n0
999 _c48310
_d48310